00385nam a2200169Ia 4500003000400000005001700004008004100021020001900062040000700081041000800088082001500096100001300111245002800124260004200152300000900194650001200203OSt20260326114033.0250729s2010 xx 000 0 und d a978-0500251911 cAL aeng a530.7 ROBG aRobinson aGems of world scientist aBangaloreb1st Rank Publicationc2010 a224p aScience